000 00556nam a2200193 a 4500
001 000023191
005 20240226141826.0
008 101130s1979 sp ac r 000 f spa d
020 _a8430510737
040 _aDO-SdBNP
_bspa
_cBNPHU
082 _aNNN
_bV531t
100 1 _aVerne, Julio,
_d1828-1905
_91073
245 1 0 _aDe la tierra a la luna /
_cJules Verne ; ilustraciones Fernando Sáez.
260 _aBarcelona, (España) :
_bSusaeta,
_c1979.
300 _a113, [3] p. :
_bil. ;
_c25 cm.
490 1 _aSaeta
830 0 _aSaeta
_922373
049 _aBNGR
999 _c22688
_d22688